Las críticas comunitarias al liberalismo igualitario: un balance
Uloženo v:
| Hlavní autor: | |
|---|---|
| Médium: | Kniha |
| Jazyk: | španělština |
| Vydáno: |
Alcalá de Henares
Universidad de Alcalá
2014
Madrid Dykinson S.L 2014 |
| Vydání: | 1a. ed |
| Edice: | Monografías Derecho, 05
|
| Témata: | |
| Tagy: |
Přidat tag
Žádné tagy, Buďte první, kdo vytvoří štítek k tomuto záznamu!
|
MARC
| LEADER | 00000cam a2200000 a 4500 | ||
|---|---|---|---|
| 001 | UCC8976 | ||
| 003 | CL-VaPUC | ||
| 008 | 190830e20140000sp |||||||||||||||||spa|d | ||
| 020 | |a 9788416133451 | ||
| 082 | 0 | 4 | |a 171 |b VIL |2 21 |
| 100 | 0 | |a Villavicencio Miranda, Luis |e author |9 603716 | |
| 245 | 1 | 4 | |a Las críticas comunitarias al liberalismo igualitario: un balance |
| 250 | |a 1a. ed | ||
| 300 | |a 236 p | ||
| 942 | |c BK | ||
| 945 | |d 20190830 10:52:00 |a dcastane | ||
| 260 | |a Alcalá de Henares |b Universidad de Alcalá |c 2014 | ||
| 260 | |a Madrid |b Dykinson S.L |c 2014 | ||
| 650 | 7 | |a SISTEMAS ETICOS |2 CL-VaPUC |9 563273 | |
| 650 | 0 | |a Liberalismo |9 255715 | |
| 583 | |a last modification |c 20190830 10:52:00 |k Rodrigo Vera | ||
| 490 | 0 | |a Monografías Derecho, 05 | |
| 999 | |c 375171 |d 375169 | ||
| 952 | |0 0 |1 0 |3 erb |4 0 |6 171_000000000000000_VIL_2014_2014 |7 0 |8 WP_COW |9 561115 |a BIBDER |b BIBDER |e Fundación W and P Cowley |i 5597021 |o 171 VIL 2014 2014 |p 5597021 |r 2023-01-25 |w 2020-03-12 |y BK |z Catalogado en:20190830 |k WPC | ||